000 00604nam a2200229Ia 4500
003 OSt
005 20221007071411.0
006 a|||||r|||| 00| 0
007 ta
008 221006b |||||||| |||| 00| 0 eng d
024 _a7,365
037 _cTextual
040 _aFLL
_cFLL
_beng
041 _2eng
_aeng
082 _aZ:91a, K4;L0
100 _aDias R.W.M. Au.
_9681663
245 0 _aBibliography of jurisprudence
260 _aLondon
_bButterworths London
_c1970
300 _a445p
_ccm.
942 _hZ:91a, K4;L0
_cTEXL
_2CC
999 _c1143241
_d1143241